U.S. State Nicknames - Sudden Death - Statistics

General Stats
  • This quiz has been taken 30,560 times
    30,153 since last reset
  • The average score is 12 of 22
Answers on the Grid
Answers color-coded by a green-red scale on the quiz's grid according to % correct below.
The Aloha State
The Beehive State
The Bluegrass State
The Cottonwood State
The Empire State
The First State
The Forest State
The Garden State
The Gem State
The Golden State
The Granite State
The Heartland State
The Keystone State
The Land of Enchantment
The Land of Love
The Last Frontier
The Last State
The Lone Star State
The North Star State
The Oak State
The Old Dominion
The Peach State
The Pineapple State
The Prairie State
The Rattlesnake State
The River State
The Sapphire State
The Show-Me State
The Sooner State
The Sunflower State
The Sunshine State
The Treasure State
The Wilderness State
 
Answer Stats
Answer % Correct
Hawaii The Aloha State
85%
California The Golden State
78%
New York The Empire State
77%
Texas The Lone Star State
75%
Florida The Sunshine State
74%
New Jersey The Garden State
70%
Delaware The First State
64%
Georgia The Peach State
63%
Kentucky The Bluegrass State
62%
Kansas The Sunflower State
56%
Pennsylvania The Keystone State
55%
Alaska The Last Frontier
52%
Oklahoma The Sooner State
49%
Illinois The Prairie State
46%
Missouri The Show-Me State
46%
Minnesota The North Star State
43%
Utah The Beehive State
42%
New Hampshire The Granite State
42%
New Mexico The Land of Enchantment
41%
Virginia The Old Dominion
39%
Idaho The Gem State
37%
Montana The Treasure State
24%
No matching quizzes found
Score Distribution
Percent of People with Each Score
Percentile by Number Answered
Your Score History
You have not taken this quiz since the last reset